Rehabilitation of the Older person : (Record no. 3479)

MARC details
000 -LEADER
fixed length control field 00888cam a22002894a 4500
001 - CONTROL NUMBER
control field 12861550
003 - CONTROL NUMBER IDENTIFIER
control field OSt
005 - DATE AND TIME OF LATEST TRANSACTION
control field 20161118191035.0
008 - FIXED-LENGTH DATA ELEMENTS--GENERAL INFORMATION
fixed length control field 020719s2002 enka b 001 0 eng
010 ## - LIBRARY OF CONGRESS CONTROL NUMBER
LC control number 2002427054
020 ## - INTERNATIONAL STANDARD BOOK NUMBER
International Standard Book Number 0748754709
040 ## - CATALOGING SOURCE
Original cataloging agency DLC
Transcribing agency DLC
Modifying agency DLC
042 ## - AUTHENTICATION CODE
Authentication code pcc
043 ## - GEOGRAPHIC AREA CODE
Geographic area code e-uk---
050 00 - LIBRARY OF CONGRESS CALL NUMBER
Classification number RC953.5
Item number .R455 2002
082 00 - DEWEY DECIMAL CLASSIFICATION NUMBER
Classification number 362.0425
Edition number 21
Item number REH 2002
100 ## - MAIN ENTRY--PERSONAL NAME
Personal name Edited by Amanda J. Squires and Margaret B. Hastings.
9 (RLIN) 11312
245 00 - TITLE STATEMENT
Title Rehabilitation of the Older person :
Remainder of title a handbook for the interdisciplinary team
250 ## - EDITION STATEMENT
Edition statement 3rd ed.
260 ## - PUBLICATION, DISTRIBUTION, ETC. (IMPRINT)
Place of publication, distribution, etc. UK :
Name of publisher, distributor, etc. Nelson Thomes Ltd.,
Date of publication, distribution, etc. 2002.
300 ## - PHYSICAL DESCRIPTION
Extent xii, 412 p. :
Other physical details ill. ;
Dimensions 24 cm.
504 ## - BIBLIOGRAPHY, ETC. NOTE
Bibliography, etc Includes bibliographical references and index.
650 #0 - SUBJECT ADDED ENTRY--TOPICAL TERM
Topical term or geographic name as entry element Rehabilitation
9 (RLIN) 7776
650 #0 - SUBJECT ADDED ENTRY--TOPICAL TERM
Topical term or geographic name as entry element Social work
9 (RLIN) 6854
906 ## - LOCAL DATA ELEMENT F, LDF (RLIN)
a 7
b cbc
c orignew
d 3
e ncip
f 20
g y-gencatlg
942 ## - ADDED ENTRY ELEMENTS (KOHA)
Source of classification or shelving scheme Dewey Decimal Classification
Koha item type Short Loan
Holdings
Withdrawn status Lost status Source of classification or shelving scheme Damaged status Not for loan Home library Current library Date acquired Inventory number Total Checkouts Full call number Barcode Date last seen Koha item type Source of acquisition Price effective from
    Dewey Decimal Classification     MUST Main Library MUST Main Library 12/04/2016 11/35310   362.0425 REH 2002 2016-0750 12/04/2016 Short Loan    
    Dewey Decimal Classification     MUST Main Library MUST Main Library 03/07/2024 2014/38353   362.0425 REH 2002 2024-21707 03/07/2024 Open Shelf Purchase 03/07/2024
    Dewey Decimal Classification     MUST Main Library MUST Main Library 03/07/2024 2014/38354   362.0425 REH 2002 2024-21708 03/07/2024 Open Shelf Purchase 03/07/2024